| 000 | 00446nam a22001697a 4500 | ||
|---|---|---|---|
| 005 | 20240808094607.0 | ||
| 008 | 230717b |||||||| |||| 00| 0 eng d | ||
| 082 |
_a615.19 _bCOO-T |
||
| 245 | _aCooper and Gunn's Tutorial Pharmacy / | ||
| 250 | _a6th ed. | ||
| 260 |
_aindia : _bJaypee ; _c2000 |
||
| 300 |
_a469p. _bill; _c24 cm. |
||
| 500 | _aIndex include. | ||
| 650 | _aPharmacy / Tutorial Pharmacy | ||
| 700 | _aS,J.Carter | ||
| 999 |
_c26025 _d26025 |
||